Name the Roller Coaster Manufacturer. - Statistics

General Stats
  • This quiz has been taken 442 times
  • The average score is 10 of 15
Answer Stats
Roller Coaster Manufacturer % Correct
Magnum XL-200 Arrow Dynamics
87%
Red Force Intamin
85%
Lightning Rod Rocky Mountain Construction
83%
Manta Bolliger & Mabillard
82%
Railblazer Rocky Mountain Construction
82%
Intimidator Bolliger & Mabillard
81%
Mind Eraser Vekoma
70%
Tempesto Premier Rides
59%
Titan Giovanola
55%
Son of Beast Roller Coaster Corporation of America
53%
White Lightning GCI
52%
The Racer Philadelphia Toboggan Company
52%
Rajin' Cajun Zamperla
52%
Shockwave (King's Dominion) TOGO
42%
Tantrum Gerstlauer
41%
No matching quizzes found
Score Distribution
Percent of People with Each Score
Percentile by Number Answered
Your Score History
You have not taken this quiz